000 00910nam0a22002531 4500
001 rc\964643
005 20041129100613.1
035 _a(NLR Aleph) 006134025
090 _a5591782
_c5591782
100 _a20041129d1982 u |0rusy50 ca
101 0 _arus
102 _aRU
105 _aa |||||||||
200 1 _aО выборе структур управления для языка программирования
210 _aМ.
_cНФ ИТМ и ВТ
_d1982
215 _a44 с.
_cсхем.
_d20
225 1 _aПрепринт
_fИн-т точ. механики и вычисл. техники им. С.А. Лебедева АН СССР, Новосиб. фил.
_v№ 1
320 _aБиблиогр.: с. 41-44
700 1 _aЧеблаков
_bБ. Г.
_gБорис Георгиевич
801 0 _aRU
_bNLR
_gpsbo
801 1 _aRU
_bELAR
_2rusmarc
852 _aNLR
_j83-4/34337
942 _cBOOK
980 _aNB